Cómo resolver conflictos en clase

محفوظ في:
التفاصيل البيبلوغرافية
المؤلف الرئيسي: Pearson, Craig (autor)
التنسيق: كتاب
اللغة:الإسبانية
منشور في: Barcelona CEAC 1983
الموضوعات:
الوسوم: إضافة وسم
لا توجد وسوم, كن أول من يضع وسما على هذه التسجيلة!

MARC

LEADER 00000nam a2200000 a 4500
001 UCW3504
003 CL-VaPUC
008 881011e19830000SP |||||||||||||||||spa|d
082 0 4 |a 371.102  |b PEA  |2 21 
100 |a Pearson, Craig  |e autor  |9 307732 
245 1 0 |a Cómo resolver conflictos en clase 
300 |a 93 p 
942 |c BK 
945 |d 19881011 00:00:00 
260 |a Barcelona  |b CEAC  |c 1983 
650 7 |a CLASES ESCOLARES  |2 CL-VaPUC  |9 307733 
650 7 |a RELACION DOCENTE-ALUMNO  |2 CL-VaPUC  |9 307734 
583 |a last modification  |c 20180417 04:37:41  |k Rodrigo Vera 
999 |c 217479  |d 217477 
952 |0 0  |1 0  |4 0  |6 371_102000000000000_PEA_1983  |7 0  |8 P  |9 205158  |a BIBEDU  |b BIBEDU  |c BIBEDU_PB  |d 2019-11-15  |i 2731037  |o 371.102 PEA 1983  |p 2731037  |r 2024-01-25  |w 2019-11-15  |y BK  |k EDU